000 00591nam a2200181 a 4500
001 000040859
005 20201002034431.0
008 130909s1992 sp 000 0 spa d
020 _a9788420605623
040 _aDO-SdBNP
_bspa
_cBNPHU
082 _axxxxx
_bxxxxx
100 1 _aRabelais, Francois
_951028
245 1 0 _aGargantúa /
_cFrancois Rabelais ; traducción Camilo Flores Varela.
260 _aMadrid, :
_bAlianza,
_c1992.
300 _a258 p. ;
_c18 cm.
504 _aIncluye referencias bibliográficas y notas al pie de las páginas
700 1 _aFlores Valera, Camilo,
_etr.
_967281
999 _c40349
_d40349